|
|
|
|
| LEADER |
00000nam0a2200000 4500 |
| 001 |
335970 |
| 005 |
20231102004816.0 |
| 020 |
|
|
|a RU
|b 83-93974
|
| 035 |
|
|
|a (RuTPU)RU\TPU\book\362382
|
| 090 |
|
|
|a 335970
|
| 100 |
|
|
|a 20171006d1983 k y0rusy5003 ca
|
| 101 |
0 |
|
|a rus
|
| 102 |
|
|
|a RU
|
| 105 |
|
|
|a a z 001zy
|
| 200 |
1 |
|
|a Банки данных в научных исследованиях
|e сборник научных трудов
|f Академия наук Украинской ССР (АН УССР), Институт кибернетики (ИК) ; под ред. А. А. Стогния
|
| 210 |
|
|
|a Киев
|c Изд-во ИК
|d 1983
|
| 215 |
|
|
|a 70 с.
|c ил.
|
| 320 |
|
|
|a Библиография в конце статей
|
| 606 |
|
|
|a Информационное обеспечение
|2 stltpush
|3 (RuTPU)RU\TPU\subj\12912
|9 39612
|
| 610 |
1 |
|
|a информационные потоки
|
| 610 |
1 |
|
|a информация
|
| 610 |
1 |
|
|a обработка
|
| 610 |
1 |
|
|a автоматизированные системы
|
| 610 |
1 |
|
|a межфразовые связи
|
| 610 |
1 |
|
|a СУБД
|
| 610 |
1 |
|
|a банки данных
|
| 610 |
1 |
|
|a данные
|
| 610 |
1 |
|
|a проектирование
|
| 675 |
|
|
|a 681.3.01
|v 3
|
| 702 |
|
1 |
|a Стогний
|b А. А.
|g Анатолий Александрович
|4 340
|
| 712 |
0 |
2 |
|a Академия наук Украинской ССР (АН УССР)
|b Институт кибернетики (ИК)
|c (Киев)
|c (1962-1991)
|2 stltpush
|3 (RuTPU)RU\TPU\col\11437
|
| 801 |
|
0 |
|a RU
|b RuMRKP
|c 19950704
|g psbo
|
| 801 |
|
1 |
|a RU
|b 63413507
|c 20171006
|
| 801 |
|
2 |
|a RU
|b 63413507
|c 20171027
|g RCR
|
| 942 |
|
|
|c BK
|